[Event "English Open Championship 2024"]
[Site "Holiday Inn, 212 Abbey End, Kenilworth CV8 1ED, United Kingdom"]
[Date "2024.06.20"]
[Round "1.5"]
[White "Willow, Jonah B"]
[Black "Zhu, Pengxiao"]
[Result "1-0"]
[TimeControl "G90 + 30secs/move"]
[WhiteFideId "438804"]
[BlackFideId "499307"]
[WhiteElo "2422"]
[BlackElo "2033"]

1. e4 {[%clk 01:30:55]} {[%emt 00:00:04]} e5 {[%clk 01:30:50]} {[%emt
00:00:11]} 2. Nf3 {[%clk 01:31:02]} {[%emt 00:00:22]} Nc6 {[%clk 01:31:03]}
{[%emt 00:00:17]} 3. Bb5 {[%clk 01:30:53]} {[%emt 00:00:39]} a6 {[%clk
01:30:55]} {[%emt 00:00:40]} 4. Ba4 {[%clk 01:31:16]} {[%emt 00:00:06]} Nf6
{[%clk 01:31:10]} {[%emt 00:00:13]} 5. O-O {[%clk 01:31:18]} {[%emt 00:00:29]}
b5 {[%clk 01:30:29]} {[%emt 00:01:11]} 6. Bb3 {[%clk 01:31:38]} {[%emt
00:00:11]} Bc5 {[%clk 01:30:47]} {[%emt 00:00:11]} 7. a4 {[%clk 01:31:46]}
{[%emt 00:00:22]} Rb8 {[%clk 01:30:29]} {[%emt 00:00:47]} 8. Nxe5 {[%clk
01:28:45]} {[%emt 00:03:32]} Nxe5 {[%clk 01:30:42]} {[%emt 00:00:17]} 9. d4
{[%clk 01:29:12]} {[%emt 00:00:03]} Bxd4 {[%clk 01:30:50]} {[%emt 00:00:22]} 10.
Qxd4 {[%clk 01:29:37]} {[%emt 00:00:05]} d6 {[%clk 01:30:55]} {[%emt 00:00:26]}
11. f4 {[%clk 01:29:31]} {[%emt 00:00:35]} Neg4 {[%clk 01:28:30]} {[%emt
00:02:54]} 12. h3 {[%clk 00:54:24]} {[%emt 00:35:38]} c5 {[%clk 01:23:56]}
{[%emt 00:05:04]} 13. Qd2 {[%clk 00:53:00]} {[%emt 00:01:54]} Nh6 {[%clk
01:19:27]} {[%emt 00:05:00]} 14. e5 {[%clk 00:49:29]} {[%emt 00:04:01]} Ne4
{[%clk 01:16:37]} {[%emt 00:03:20]} 15. Qe1 {[%clk 00:46:18]} {[%emt 00:03:41]}
d5 {[%clk 01:11:31]} {[%emt 00:05:36]} 16. c3 {[%clk 00:44:47]} {[%emt
00:02:01]} O-O {[%clk 00:48:13]} {[%emt 00:23:48]} 17. axb5 {[%clk 00:38:05]}
{[%emt 00:07:12]} axb5 {[%clk 00:48:30]} {[%emt 00:00:13]} 18. g4 {[%clk
00:37:50]} {[%emt 00:00:44]} f5 {[%clk 00:47:42]} {[%emt 00:01:19]} 19. exf6
{[%clk 00:32:31]} {[%emt 00:05:49]} Nxf6 {[%clk 00:42:37]} {[%emt 00:05:36]} 20.
f5 {[%clk 00:26:17]} {[%emt 00:06:44]} Nf7 {[%clk 00:42:01]} {[%emt 00:01:03]}
21. Bf4 {[%clk 00:24:58]} {[%emt 00:01:51]} Rb7 {[%clk 00:41:43]} {[%emt
00:00:48]} 22. Nd2 {[%clk 00:24:41]} {[%emt 00:00:47]} c4 {[%clk 00:39:03]}
{[%emt 00:03:11]} 23. Bd1 {[%clk 00:19:13]} {[%emt 00:05:57]} d4 {[%clk
00:38:07]} {[%emt 00:01:26]} 24. Qf2 {[%clk 00:18:38]} {[%emt 00:01:05]} dxc3
{[%clk 00:37:27]} {[%emt 00:01:09]} 25. bxc3 {[%clk 00:19:04]} {[%emt
00:00:04]} Nd5 {[%clk 00:36:20]} {[%emt 00:01:37]} 26. Ne4 {[%clk 00:18:08]}
{[%emt 00:01:26]} Re7 {[%clk 00:35:23]} {[%emt 00:01:28]} 27. Bc2 {[%clk
00:17:06]} {[%emt 00:01:32]} Rfe8 {[%clk 00:35:18]} {[%emt 00:00:35]} 28. Rae1
{[%clk 00:13:58]} {[%emt 00:03:38]} Bb7 {[%clk 00:35:10]} {[%emt 00:00:38]} 29.
Bd2 {[%clk 00:10:31]} {[%emt 00:03:56]} Qc7 {[%clk 00:33:57]} {[%emt 00:01:44]}
30. g5 {[%clk 00:06:12]} {[%emt 00:04:49]} Nb6 {[%clk 00:32:47]} {[%emt
00:01:39]} 31. Ng3 {[%clk 00:01:50]} {[%emt 00:04:53]} Ne5 {[%clk 00:31:43]}
{[%emt 00:01:35]} 32. Ne4 {[%clk 00:01:47]} {[%emt 00:00:32]} Nf7 {[%clk
00:31:38]} {[%emt 00:00:34]} 33. Bf4 {[%clk 00:01:37]} {[%emt 00:00:41]} Qc6
{[%clk 00:31:41]} {[%emt 00:00:27]} 34. g6 {[%clk 00:01:24]} {[%emt 00:00:43]}
hxg6 {[%clk 00:31:48]} {[%emt 00:00:23]} 35. fxg6 {[%clk 00:01:30]} {[%emt
00:00:24]} Qxg6+ {[%clk 00:31:40]} {[%emt 00:00:39]} 36. Ng3 {[%clk 00:01:40]}
{[%emt 00:00:19]} Qc6 {[%clk 00:32:03]} {[%emt 00:00:06]} 37. Rxe7 {[%clk
00:01:53]} {[%emt 00:00:18]} Rxe7 {[%clk 00:32:32]} {[%emt 00:00:01]} 38. Bg5
{[%clk 00:01:57]} {[%emt 00:00:26]} Rc7 {[%clk 00:31:13]} {[%emt 00:01:49]} 39.
Bd8 {[%clk 00:01:52]} {[%emt 00:00:35]} Nd5 {[%clk 00:30:11]} {[%emt 00:01:31]}
40. Bxc7 {[%clk 00:02:09]} {[%emt 00:00:14]} Qxc7 {[%clk 00:30:20]} {[%emt
00:00:21]} 41. Bg6 {[%clk 00:02:07]} {[%emt 00:00:31]} Nf6 {[%clk 00:30:31]}
{[%emt 00:00:20]} 42. Nh5 {[%clk 00:01:09]} {[%emt 00:01:28]} Ng5 {[%clk
00:29:55]} {[%emt 00:01:06]} 43. Qe3 {[%clk 00:00:40]} {[%emt 00:00:59]} Nge4
{[%clk 00:21:20]} {[%emt 00:09:05]} 44. Nxf6+ {[%clk 00:01:01]} {[%emt
00:00:09]} Nxf6 {[%clk 00:21:39]} {[%emt 00:00:11]} 45. Re1 {[%clk 00:00:34]}
{[%emt 00:00:57]} Bc6 {[%clk 00:19:01]} {[%emt 00:03:07]} 46. Qe6+ {[%clk
00:01:02]} {[%emt 00:00:02]} Kf8 {[%clk 00:19:21]} {[%emt 00:00:10]} 47. Qe3
{[%clk 00:00:49]} {[%emt 00:00:42]} Qd6 {[%clk 00:19:38]} {[%emt 00:00:14]} 48.
Qe5 {[%clk 00:00:40]} {[%emt 00:00:40]} Qd7 {[%clk 00:13:52]} {[%emt 00:06:16]}
49. Qb8+ {[%clk 00:01:01]} {[%emt 00:00:08]} 1-0

[Event "English Open Championship 2024"]
[Site "Holiday Inn, 212 Abbey End, Kenilworth CV8 1ED, United Kingdom"]
[Date "2024.06.20"]
[Round "1.6"]
[White "Burrows, Martin P"]
[Black "Wadsworth, Matthew J"]
[Result "0-1"]
[TimeControl "G90 + 30secs/move"]
[WhiteFideId "409057"]
[BlackFideId "415804"]
[WhiteElo "2019"]
[BlackElo "2467"]

1. e4 {[%clk 01:30:57]} {[%emt 00:00:02]} e6 {[%clk 01:30:53]} {[%emt
00:00:08]} 2. d4 {[%clk 01:31:21]} {[%emt 00:00:06]} d5 {[%clk 01:31:18]}
{[%emt 00:00:05]} 3. Nc3 {[%clk 01:31:43]} {[%emt 00:00:08]} Bb4 {[%clk
01:31:37]} {[%emt 00:00:12]} 4. e5 {[%clk 01:31:57]} {[%emt 00:00:16]} c5
{[%clk 01:32:01]} {[%emt 00:00:06]} 5. a3 {[%clk 01:32:21]} {[%emt 00:00:06]}
Bxc3+ {[%clk 01:32:24]} {[%emt 00:00:06]} 6. bxc3 {[%clk 01:32:46]} {[%emt
00:00:05]} Nc6 {[%clk 01:32:48]} {[%emt 00:00:07]} 7. h4 {[%clk 01:29:53]}
{[%emt 00:03:23]} Qa5 {[%clk 01:30:28]} {[%emt 00:02:50]} 8. Bd2 {[%clk
01:29:29]} {[%emt 00:00:54]} Bd7 {[%clk 01:30:51]} {[%emt 00:00:06]} 9. Nf3
{[%clk 01:23:03]} {[%emt 00:06:56]} c4 {[%clk 01:24:57]} {[%emt 00:06:24]} 10.
h5 {[%clk 01:22:42]} {[%emt 00:00:51]} h6 {[%clk 01:25:20]} {[%emt 00:00:07]}
11. Rh4 {[%clk 01:20:54]} {[%emt 00:02:18]} O-O-O {[%clk 01:20:35]} {[%emt
00:05:15]} 12. g3 {[%clk 01:15:13]} {[%emt 00:06:11]} Qa4 {[%clk 01:12:10]}
{[%emt 00:08:55]} 13. Bh3 {[%clk 01:13:10]} {[%emt 00:02:33]} Rh7 {[%clk
01:07:02]} {[%emt 00:05:38]} 14. Kf1 {[%clk 01:05:44]} {[%emt 00:07:56]} g5
{[%clk 00:54:14]} {[%emt 00:13:18]} 15. hxg6 {[%clk 01:03:06]} {[%emt
00:03:09]} fxg6 {[%clk 00:54:39]} {[%emt 00:00:05]} 16. Nh2 {[%clk 00:56:44]}
{[%emt 00:06:52]} Rf8 {[%clk 00:52:50]} {[%emt 00:02:18]} 17. Rf4 {[%clk
00:52:51]} {[%emt 00:04:23]} Rxf4 {[%clk 00:47:52]} {[%emt 00:05:29]} 18. Bxf4
{[%clk 00:53:03]} {[%emt 00:00:18]} Rf7 {[%clk 00:46:45]} {[%emt 00:01:37]} 19.
Bd2 {[%clk 00:47:34]} {[%emt 00:05:59]} Nce7 {[%clk 00:45:12]} {[%emt
00:02:03]} 20. Kg1 {[%clk 00:42:54]} {[%emt 00:05:10]} Nf5 {[%clk 00:43:51]}
{[%emt 00:01:51]} 21. Qc1 {[%clk 00:38:50]} {[%emt 00:04:34]} Qa5 {[%clk
00:40:30]} {[%emt 00:03:51]} 22. a4 {[%clk 00:34:55]} {[%emt 00:04:24]} Bxa4
{[%clk 00:32:52]} {[%emt 00:08:09]} 23. g4 {[%clk 00:26:03]} {[%emt 00:09:22]}
Ng7 {[%clk 00:31:59]} {[%emt 00:01:23]} 24. Ra3 {[%clk 00:25:39]} {[%emt
00:00:55]} g5 {[%clk 00:26:06]} {[%emt 00:06:21]} 25. f4 {[%clk 00:25:17]}
{[%emt 00:00:53]} gxf4 {[%clk 00:25:06]} {[%emt 00:01:28]} 26. Bxf4 {[%clk
00:25:31]} {[%emt 00:00:19]} b5 {[%clk 00:20:48]} {[%emt 00:04:47]} 27. Qd2
{[%clk 00:23:55]} {[%emt 00:02:06]} Qd8 {[%clk 00:18:49]} {[%emt 00:02:29]} 28.
Kg2 {[%clk 00:19:52]} {[%emt 00:04:32]} Qf8 {[%clk 00:18:49]} {[%emt 00:00:31]}
29. Be3 {[%clk 00:19:59]} {[%emt 00:00:23]} Qxa3 {[%clk 00:19:03]} {[%emt
00:00:16]} 0-1

[Event "English Open Championship 2024"]
[Site "Holiday Inn, 212 Abbey End, Kenilworth CV8 1ED, United Kingdom"]
[Date "2024.06.20"]
[Round "1.7"]
[White "Roberson, Peter T"]
[Black "Fellowes, Billy"]
[Result "1-0"]
[TimeControl "G90 + 30secs/move"]
[WhiteFideId "412384"]
[BlackFideId "483540"]
[WhiteElo "2420"]
[BlackElo "2019"]

1. e4 {[%clk 01:30:56]} {[%emt 00:00:03]} Nc6 {[%clk 01:30:46]} {[%emt
00:00:15]} 2. Nf3 {[%clk 01:30:58]} {[%emt 00:00:27]} d6 {[%clk 01:31:09]}
{[%emt 00:00:08]} 3. d4 {[%clk 01:30:53]} {[%emt 00:00:35]} Nf6 {[%clk
01:31:34]} {[%emt 00:00:06]} 4. Nc3 {[%clk 01:31:15]} {[%emt 00:00:06]} g6
{[%clk 01:31:43]} {[%emt 00:00:22]} 5. Be3 {[%clk 01:30:40]} {[%emt 00:01:05]}
Bg7 {[%clk 01:32:07]} {[%emt 00:00:05]} 6. Qd2 {[%clk 01:30:47]} {[%emt
00:00:24]} O-O {[%clk 01:27:46]} {[%emt 00:04:52]} 7. d5 {[%clk 01:29:06]}
{[%emt 00:02:11]} Nb8 {[%clk 01:28:02]} {[%emt 00:00:14]} 8. Bh6 {[%clk
01:29:30]} {[%emt 00:00:06]} c6 {[%clk 01:28:17]} {[%emt 00:00:15]} 9. O-O-O
{[%clk 01:28:23]} {[%emt 00:01:37]} Qb6 {[%clk 01:25:29]} {[%emt 00:03:18]} 10.
Bxg7 {[%clk 01:22:13]} {[%emt 00:06:39]} Kxg7 {[%clk 01:25:53]} {[%emt
00:00:06]} 11. Nd4 {[%clk 01:22:02]} {[%emt 00:00:41]} Nbd7 {[%clk 01:20:41]}
{[%emt 00:05:42]} 12. h3 {[%clk 01:13:16]} {[%emt 00:09:15]} Nc5 {[%clk
01:02:48]} {[%emt 00:18:24]} 13. Re1 {[%clk 01:11:23]} {[%emt 00:02:23]} cxd5
{[%clk 00:52:51]} {[%emt 00:10:27]} 14. exd5 {[%clk 01:09:04]} {[%emt
00:02:49]} e5 {[%clk 00:52:43]} {[%emt 00:00:38]} 15. dxe6 {[%clk 01:07:41]}
{[%emt 00:01:54]} Nxe6 {[%clk 00:52:22]} {[%emt 00:00:50]} 16. Rd1 {[%clk
00:55:46]} {[%emt 00:12:24]} Nc5 {[%clk 00:25:40]} {[%emt 00:27:13]} 17. f3
{[%clk 00:40:39]} {[%emt 00:15:37]} Bd7 {[%clk 00:20:58]} {[%emt 00:05:13]} 18.
g4 {[%clk 00:40:05]} {[%emt 00:01:03]} Qa5 {[%clk 00:16:15]} {[%emt 00:05:13]}
19. h4 {[%clk 00:33:16]} {[%emt 00:07:18]} h5 {[%clk 00:15:21]} {[%emt
00:01:25]} 20. g5 {[%clk 00:25:10]} {[%emt 00:08:36]} Ne8 {[%clk 00:14:45]}
{[%emt 00:01:05]} 21. f4 {[%clk 00:23:49]} {[%emt 00:01:51]} Nc7 {[%clk
00:12:15]} {[%emt 00:03:00]} 22. Bg2 {[%clk 00:21:45]} {[%emt 00:02:34]} Rac8
{[%clk 00:11:47]} {[%emt 00:00:58]} 23. Rhf1 {[%clk 00:21:12]} {[%emt
00:01:03]} b5 {[%clk 00:11:19]} {[%emt 00:00:59]} 24. Kb1 {[%clk 00:20:20]}
{[%emt 00:01:23]} b4 {[%clk 00:06:56]} {[%emt 00:04:53]} 25. Nce2 {[%clk
00:17:28]} {[%emt 00:03:22]} Na8 {[%clk 00:03:36]} {[%emt 00:03:50]} 26. a3
{[%clk 00:14:27]} {[%emt 00:03:31]} Rb8 {[%clk 00:02:18]} {[%emt 00:01:49]} 27.
Bxa8 {[%clk 00:14:32]} {[%emt 00:00:24]} Qb6 {[%clk 00:01:38]} {[%emt
00:01:10]} 28. axb4 {[%clk 00:13:00]} {[%emt 00:02:01]} a5 {[%clk 00:01:02]}
{[%emt 00:01:06]} 29. Qc3 {[%clk 00:12:12]} {[%emt 00:01:17]} 1-0

[Event "English Open Championship 2024"]
[Site "Holiday Inn, 212 Abbey End, Kenilworth CV8 1ED, United Kingdom"]
[Date "2024.06.20"]
[Round "1.8"]
[White "Varley, Joe"]
[Black "Gormally, Daniel W"]
[Result "0-1"]
[TimeControl "G90 + 30secs/move"]
[WhiteFideId "461962"]
[BlackFideId "406465"]
[WhiteElo "1948"]
[BlackElo "2421"]

1. e4 {[%clk 01:30:54]} {[%emt 00:00:05]} c5 {[%clk 01:30:54]} {[%emt
00:00:07]} 2. Nf3 {[%clk 01:31:17]} {[%emt 00:00:07]} d6 {[%clk 01:31:19]}
{[%emt 00:00:05]} 3. g3 {[%clk 01:31:36]} {[%emt 00:00:11]} Nf6 {[%clk
01:31:12]} {[%emt 00:00:36]} 4. Nc3 {[%clk 01:31:50]} {[%emt 00:00:17]} Nc6
{[%clk 01:30:58]} {[%emt 00:00:44]} 5. Bg2 {[%clk 01:32:05]} {[%emt 00:00:14]}
Bg4 {[%clk 01:30:45]} {[%emt 00:00:44]} 6. h3 {[%clk 01:31:09]} {[%emt
00:01:26]} Bh5 {[%clk 01:28:32]} {[%emt 00:02:43]} 7. d3 {[%clk 01:26:54]}
{[%emt 00:04:45]} e6 {[%clk 01:28:44]} {[%emt 00:00:18]} 8. O-O {[%clk
01:26:15]} {[%emt 00:01:09]} Be7 {[%clk 01:27:58]} {[%emt 00:01:16]} 9. Ne2
{[%clk 01:22:31]} {[%emt 00:04:14]} d5 {[%clk 01:25:38]} {[%emt 00:02:50]} 10.
exd5 {[%clk 01:20:32]} {[%emt 00:02:29]} Nxd5 {[%clk 01:24:35]} {[%emt
00:01:32]} 11. Nf4 {[%clk 01:17:06]} {[%emt 00:03:57]} Nxf4 {[%clk 01:24:36]}
{[%emt 00:00:29]} 12. Bxf4 {[%clk 01:17:27]} {[%emt 00:00:08]} e5 {[%clk
01:23:43]} {[%emt 00:01:24]} 13. Bd2 {[%clk 01:14:50]} {[%emt 00:03:07]} O-O
{[%clk 01:20:27]} {[%emt 00:03:46]} 14. Re1 {[%clk 01:09:46]} {[%emt 00:05:34]}
f6 {[%clk 01:20:07]} {[%emt 00:00:50]} 15. Bc3 {[%clk 01:00:55]} {[%emt
00:09:21]} Qc7 {[%clk 01:17:47]} {[%emt 00:02:49]} 16. Qd2 {[%clk 01:00:23]}
{[%emt 00:01:03]} Rad8 {[%clk 01:15:08]} {[%emt 00:03:09]} 17. b3 {[%clk
00:57:21]} {[%emt 00:03:33]} Bf7 {[%clk 01:08:18]} {[%emt 00:07:20]} 18. Bb2
{[%clk 00:55:19]} {[%emt 00:02:33]} Rfe8 {[%clk 01:05:36]} {[%emt 00:03:12]} 19.
Rad1 {[%clk 00:53:28]} {[%emt 00:02:21]} Bf8 {[%clk 01:05:16]} {[%emt
00:00:49]} 20. c3 {[%clk 00:49:52]} {[%emt 00:04:06]} e4 {[%clk 01:02:12]}
{[%emt 00:03:34]} 21. Nh4 {[%clk 00:45:17]} {[%emt 00:05:05]} Rxd3 {[%clk
01:00:03]} {[%emt 00:02:39]} 22. Qc2 {[%clk 00:42:23]} {[%emt 00:03:25]} Rxd1
{[%clk 00:53:04]} {[%emt 00:07:29]} 23. Qxd1 {[%clk 00:42:47]} {[%emt
00:00:06]} e3 {[%clk 00:53:30]} {[%emt 00:00:04]} 24. f4 {[%clk 00:42:44]}
{[%emt 00:00:32]} Rd8 {[%clk 00:49:24]} {[%emt 00:04:36]} 25. Qf3 {[%clk
00:38:29]} {[%emt 00:04:45]} Qa5 {[%clk 00:48:07]} {[%emt 00:01:46]} 26. a3
{[%clk 00:34:14]} {[%emt 00:04:47]} Bxb3 {[%clk 00:42:54]} {[%emt 00:05:43]} 27.
Qxe3 {[%clk 00:32:59]} {[%emt 00:01:44]} Qb6 {[%clk 00:41:51]} {[%emt
00:01:33]} 28. Kh2 {[%clk 00:30:58]} {[%emt 00:02:32]} Bf7 {[%clk 00:40:35]}
{[%emt 00:01:46]} 29. Re2 {[%clk 00:30:36]} {[%emt 00:00:52]} Na5 {[%clk
00:38:50]} {[%emt 00:02:15]} 30. Nf5 {[%clk 00:29:56]} {[%emt 00:01:09]} Nc4
{[%clk 00:34:51]} {[%emt 00:04:30]} 31. Qc1 {[%clk 00:30:15]} {[%emt 00:00:11]}
Qb3 {[%clk 00:35:02]} {[%emt 00:00:19]} 32. Ne3 {[%clk 00:25:41]} {[%emt
00:05:04]} Re8 {[%clk 00:34:19]} {[%emt 00:01:12]} 0-1

[Event "English Open Championship 2024"]
[Site "Holiday Inn, 212 Abbey End, Kenilworth CV8 1ED, United Kingdom"]
[Date "2024.06.20"]
[Round "1.10"]
[White "Turner, Lewis A"]
[Black "Wells, Peter K"]
[Result "0-1"]
[TimeControl "G90 + 30secs/move"]
[WhiteFideId "412600"]
[BlackFideId "400327"]
[WhiteElo "1929"]
[BlackElo "2354"]

1. e4 {[%clk 01:30:58]} {[%emt 00:00:01]} e5 {[%clk 01:30:41]} {[%emt
00:00:20]} 2. Nf3 {[%clk 01:31:22]} {[%emt 00:00:06]} Nc6 {[%clk 01:31:04]}
{[%emt 00:00:07]} 3. Bb5 {[%clk 01:31:45]} {[%emt 00:00:07]} a6 {[%clk
01:31:22]} {[%emt 00:00:12]} 4. Ba4 {[%clk 01:32:08]} {[%emt 00:00:07]} Nf6
{[%clk 01:31:35]} {[%emt 00:00:16]} 5. O-O {[%clk 01:32:32]} {[%emt 00:00:07]}
Be7 {[%clk 01:31:42]} {[%emt 00:00:23]} 6. Re1 {[%clk 01:32:50]} {[%emt
00:00:11]} b5 {[%clk 01:32:03]} {[%emt 00:00:09]} 7. Bb3 {[%clk 01:33:15]}
{[%emt 00:00:06]} d6 {[%clk 01:32:22]} {[%emt 00:00:10]} 8. c3 {[%clk
01:33:38]} {[%emt 00:00:07]} O-O {[%clk 01:32:34]} {[%emt 00:00:18]} 9. h3
{[%clk 01:34:05]} {[%emt 00:00:04]} Nd7 {[%clk 01:32:01]} {[%emt 00:01:03]} 10.
d4 {[%clk 01:33:40]} {[%emt 00:00:54]} Bf6 {[%clk 01:30:48]} {[%emt 00:01:43]}
11. Be3 {[%clk 01:33:04]} {[%emt 00:01:06]} Na5 {[%clk 01:30:00]} {[%emt
00:01:19]} 12. Bc2 {[%clk 01:32:52]} {[%emt 00:00:42]} Nc4 {[%clk 01:29:23]}
{[%emt 00:01:07]} 13. Bc1 {[%clk 01:33:13]} {[%emt 00:00:08]} Bb7 {[%clk
01:29:20]} {[%emt 00:00:33]} 14. Nbd2 {[%clk 01:26:15]} {[%emt 00:07:28]} Nxd2
{[%clk 01:19:08]} {[%emt 00:10:43]} 15. Qxd2 {[%clk 01:26:30]} {[%emt
00:00:14]} Re8 {[%clk 01:14:32]} {[%emt 00:05:06]} 16. Qd3 {[%clk 01:26:06]}
{[%emt 00:00:54]} g6 {[%clk 01:08:13]} {[%emt 00:06:49]} 17. a4 {[%clk
01:22:37]} {[%emt 00:04:00]} d5 {[%clk 00:52:12]} {[%emt 00:16:31]} 18. exd5
{[%clk 01:13:38]} {[%emt 00:09:28]} exd4 {[%clk 00:28:52]} {[%emt 00:23:51]} 19.
Rxe8+ {[%clk 01:13:43]} {[%emt 00:00:24]} Qxe8 {[%clk 00:29:19]} {[%emt
00:00:04]} 20. cxd4 {[%clk 01:12:57]} {[%emt 00:01:14]} Bxd5 {[%clk 00:28:04]}
{[%emt 00:01:47]} 21. Bd2 {[%clk 01:07:25]} {[%emt 00:06:01]} Nb6 {[%clk
00:20:56]} {[%emt 00:07:39]} 22. axb5 {[%clk 01:04:06]} {[%emt 00:03:49]} axb5
{[%clk 00:19:04]} {[%emt 00:02:22]} 23. Re1 {[%clk 01:04:07]} {[%emt 00:00:28]}
Qc6 {[%clk 00:18:04]} {[%emt 00:01:31]} 24. Ne5 {[%clk 01:00:18]} {[%emt
00:04:18]} Bxe5 {[%clk 00:13:30]} {[%emt 00:05:06]} 25. dxe5 {[%clk 01:00:31]}
{[%emt 00:00:16]} Qc4 {[%clk 00:08:38]} {[%emt 00:05:22]} 26. Qxc4 {[%emt
00:00:41]} Nxc4 {[%clk 00:06:47]} {[%emt 00:02:20]} 27. Bc3 {[%clk 01:00:05]}
{[%emt 00:00:46]} c5 {[%clk 00:06:38]} {[%emt 00:00:40]} 28. Be4 {[%clk
00:50:13]} {[%emt 00:10:21]} Bxe4 {[%clk 00:05:28]} {[%emt 00:01:41]} 29. Rxe4
{[%clk 00:50:37]} {[%emt 00:00:05]} Ra1+ {[%clk 00:05:47]} {[%emt 00:00:11]} 30.
Kh2 {[%clk 00:50:55]} {[%emt 00:00:11]} Rb1 {[%clk 00:06:10]} {[%emt 00:00:08]}
31. e6 {[%clk 00:48:14]} {[%emt 00:03:11]} fxe6 {[%clk 00:06:23]} {[%emt
00:00:16]} 32. Rxe6 {[%clk 00:48:38]} {[%emt 00:00:07]} b4 {[%clk 00:06:09]}
{[%emt 00:00:45]} 33. Bf6 {[%clk 00:48:34]} {[%emt 00:00:33]} Kf7 {[%clk
00:04:49]} {[%emt 00:01:51]} 34. Rc6 {[%clk 00:48:41]} {[%emt 00:00:22]} Nxb2
{[%clk 00:04:45]} {[%emt 00:00:35]} 35. Bxb2 {[%clk 00:48:46]} {[%emt
00:00:24]} Rxb2 {[%clk 00:05:12]} {[%emt 00:00:03]} 36. Rxc5 {[%clk 00:49:09]}
{[%emt 00:00:07]} Rxf2 {[%clk 00:05:05]} {[%emt 00:00:37]} 37. Rb5 {[%clk
00:49:30]} {[%emt 00:00:08]} Rf4 {[%clk 00:01:55]} {[%emt 00:03:42]} 38. Kg3
{[%clk 00:49:30]} {[%emt 00:00:30]} Rc4 {[%clk 00:02:21]} {[%emt 00:00:03]} 39.
Kf2 {[%clk 00:48:57]} {[%emt 00:01:02]} h5 {[%clk 00:02:25]} {[%emt 00:00:27]}
40. Ke1 {[%clk 00:42:02]} {[%emt 00:07:25]} Kf6 {[%clk 00:00:41]} {[%emt
00:02:14]} 41. Kd2 {[%clk 00:42:00]} {[%emt 00:00:31]} h4 {[%clk 00:00:43]}
{[%emt 00:00:28]} 42. Kd3 {[%clk 00:39:40]} {[%emt 00:02:51]} Rc3+ {[%clk
00:01:07]} {[%emt 00:00:06]} 43. Kd2 {[%clk 00:39:44]} {[%emt 00:00:26]} Rg3
{[%clk 00:01:14]} {[%emt 00:00:23]} 44. Rxb4 {[%clk 00:40:07]} {[%emt
00:00:06]} Rxg2+ {[%clk 00:01:42]} {[%emt 00:00:03]} 45. Ke1 {[%clk 00:40:26]}
{[%emt 00:00:10]} Kg5 {[%clk 00:00:54]} {[%emt 00:01:20]} 46. Rb3 {[%clk
00:38:13]} {[%emt 00:02:43]} Rg3 {[%clk 00:01:02]} {[%emt 00:00:22]} 0-1